| 000 | 00881nac a22002411u 4500 | ||
|---|---|---|---|
| 010 | _a 29001603 | ||
| 035 | _a(OCoLC)ocm02252969 | ||
| 082 |
_a620.11 _bBRA |
||
| 090 |
_c6493 _d6493 |
||
| 100 | _a20080729 | ||
| 245 | 0 | 0 |
_aMaterials handbook : _ban encyclopedia for purchasing agents, engineers, executives, and foremen / _cby George S. Brady. |
| 260 |
_aNew York : _bMcGraw-Hill Book Co.,1979 _c1979 |
||
| 300 |
_a1v. : _bill. ; _c18-24 cm. |
||
| 500 | _aSubtitle varies. | ||
| 500 | _aEdited by: Henry R. Clauser, <1986-> | ||
| 500 | _aLatest issue consulted: 15th ed., copyrighted 2002. | ||
| 500 | _adistributer: Al-Ahram | ||
| 511 | _acatalogued by: wessam | ||
| 650 | 0 |
_aMaterials _vDictionaries. |
|
| 700 | 1 |
_aBrady, George S. _q(George Stuart), _db. 1887. |
|
| 700 | 1 | _aClauser, Henry R. | |
| 942 |
_cBB _k620.11BRA |
||
| 999 |
_c6493 _d6493 |
||